000 01089nam a22003257a 4500
003 CHAP
005 20220329142346.0
008 000922d2000 mx o r 00110 spa d
010 _a82324
011 _a83296
035 _a93807
040 _cCHAP
090 _aTesis
100 0 0 _aMoreno Pineda, Miriam.
_978677
245 1 0 _aEvaluación agronómica de especies aboneras y coberteras en el Oeste de Tlaxcala
_c/por Miriam Moreno Pineda
260 _aChapingo, Méx. :
_bEl autor,
_c2000.
300 _a125 h. :
_bgráfs. ; fotografías
502 _aTesis (Ing. en Agroecología) -- UACH. Departamento de Agroecología
590 _aALEPH
_b10
_c20130110
_lUCH01
_h1437
590 _aBATCH-UPD
_b10
_c20130110
_lUCH01
_h0654
590 _aCONVERSION
_b10
_c20130109
_lUCH01
_h1346
650 1 4 _aAbonos verdes.
_9282
650 1 4 _aCultivos de cobertura.
_930371
650 1 4 _aTerrazas.
_9112392
901 _aBK
905 _aMayto Villalobos S.
942 _cFOLL
949 _bBC
_cTES
_d33724000794103
_eTS2
_fc.2
_h36618
_i93807
_si
949 _bBC
_cTES
_d938071
_eTS1
_h36617
_i93807
_sb
999 _c82324
_d82324